=LDR 00000nam 2200000 4500 =001 INLIS000000000041671 =005 20201218085000 =035 ##$$a 0010-061300000041671 =008 201218################g##########0#ind## =082 ##$$a 321.094 =090 ##$$a dw99006840, Ind i =245 ##$$a Indonesia : $b Demokratisasi di Era Globalisasi (Konferensi INFID ke 11, Bonn-Jerman 4-6 Mei 1998) /$c Penerjemah ; Maria Anik Wusari =260 ##$$a Jakarta :$b INFID,$c 1999 =300 ##$$a xii, 342 hlm. : $b ilus ; $c 21 x 14,5 cm. =650 #4$$a Demokratisasi =850 ##$$a NBPNMAT =084 ##$$a 321.094 IND =250 ##$$a cet. 1 =700 #$$a Maria Anik Wusari =990 ##$$a 141.914/Pro-99 =990 ##$$a 141.915/Pro-99 =990 ##$$a 141.913/Pro.99 =990 ##$$a 141.914/Pro-99 =990 ##$$a 141.915/Pro-99 =990 ##$$a 86.774/Pro.95 =990 ##$$a 141.914/Pro-99 =990 ##$$a 141.915/Pro-99